00828nam a2200253 a 450000100060000000300080000600500170001400800410003103500190007204000350009104100080012608200240013410000530015824500730021126000490028430000220033349000400035550400410039565000290043665000190046565000290048465000200051383000410053359448BD-RjUL20211209080731.0161224s1950 mau b 001 0 eng d a(BD-RjUL)59572 aBD-RjULcBD-RjULdBD-RjULbeng aeng a336.2223bDEC 19501 aDennett, Daniel C.q(Daniel Clement),d1910-194710aConversion and the poll tax in early Islam /cDaniel Clement Dennett aCambridge :bHarvard University Press,c1950 axi, 136 p.c21 cm1 aHarvard historical monographs ;v22 aBibliography: p. [129]-132 and index 0aTaxationzIslamic Empire 0aTaxationzIraq 0aPoll taxzIslamic Empire 0aMuslim converts 0aHarvard historical monographs ;v22.